[Event "Guwahati op 1st"]
[Site "Guwahati"]
[Date "2022.03.15"]
[Round "3"]
[White "Shahil, Dey"]
[Black "Trailokya, Nanda"]
[Result "1-0"]
[WhiteElo "2400"]
[BlackElo "1973"]
[PlyCount "60"]
[EventDate "2022.03.14"]
[EventType "swiss"]
[EventRounds "10"]
[EventCountry "IND"]
[SourceTitle "CBM 207 Extra"]
[Source "ChessBase"]
[SourceDate "2022.05.31"]
[SourceVersion "1"]
[SourceVersionDate "2022.05.31"]
[SourceQuality "1"]

1. e4 c5 2. Nc3 Nc6 3. Nge2 Nf6 4. d4 cxd4 5. Nxd4 d6 6. Bg5 e6 7. Qd2 a6 8. 0-0-0 Bd7 9. f3 Rc8 10. Kb1 b5 11. Nxc6 Bxc6 12. Ne2 Qb6 13. Nd4 Bb7 14. g4 Nd7 15. Bg2 Ne5 16. Rhe1 h6 17. Bh4 g5 18. Bf2 Qd8 19. h4 Be7 20. Rh1 Bf6 21. b3 Rg8 22. hxg5 hxg5 23. Rh7 Bc6 24. Ne2 d5 25. Qe1 Qc7 26. Ng3 dxe4 27. Nh5 Bh8 28. Bc5 Nd7 29. Bf2 Ne5 30. fxe4 Ra8 1-0

[Event "IND-ch 57th"]
[Site "Majitar"]
[Date "2019.12.10"]
[Round "1"]
[White "Trailokya, Nanda"]
[Black "Deepan Chakkravarthy, J."]
[Result "0-1"]
[WhiteElo "1948"]
[BlackElo "2535"]
[PlyCount "116"]
[EventDate "2019.12.10"]
[EventType "swiss"]
[EventRounds "11"]
[EventCountry "IND"]
[SourceTitle "CBM 193 Extra"]
[Source "ChessBase"]
[SourceDate "2020.01.31"]
[SourceVersion "1"]
[SourceVersionDate "2020.01.31"]
[SourceQuality "1"]

1. e4 Nf6 2. e5 Nd5 3. d4 d6 4. Nf3 dxe5 5. Nxe5 c6 6. Nd2 g6 7. Ndf3 Bg7 8. Bc4 0-0 9. 0-0 b5 10. Bb3 a5 11. a4 b4 12. Re1 Qc7 13. c4 bxc3 14. bxc3 Nd7 15. Ba3 Nxe5 16. Nxe5 Rb8 17. Bxd5 cxd5 18. Qf3 Be6 19. Rac1 Rfe8 20. Bc5 Rb3 21. h4 Qc8 22. Nd3 Bh6 23. Rc2 Qb8 24. Ne5 Rb1 25. Rce2 Rxe1+ 26. Rxe1 Qc8 27. Rb1 f6 28. Nd3 Bf7 29. Rb5 Qc7 30. g3 Bg7 31. Nf4 e6 32. Bb6 Qc4 33. Rxa5 Rb8 34. Rb5 Qxa4 35. Rb4 Qa2 36. Bc5 Rxb4 37. Bxb4 e5 38. Ne2 h5 39. Qd3 Kh7 40. Qb5 Qb1+ 41. Kg2 Be6 42. Ng1 exd4 43. cxd4 Qe4+ 44. Kh2 Qxd4 45. Bc5 Qc4 46. Qb6 Bd7 47. Qa7 Qg4 48. Bd4 Qf5 49. Bc5 Bb5 50. Qb7 Qd7 51. Qb6 Bd3 52. Nh3 Be4 53. Nf4 Qa4 54. Qc7 Qd1 55. f3 Qxf3 56. Kg1 Qxg3+ 57. Kf1 Bd3+ 58. Nxd3 Qxc7 0-1

[Event "IND-chB 48th"]
[Site "Bhiwani"]
[Date "2010.09.17"]
[Round "2"]
[White "Trailokya, Nanda"]
[Black "Shyam, Nikil P"]
[Result "0-1"]
[WhiteElo "2079"]
[BlackElo "2375"]
[PlyCount "42"]
[EventDate "2010.09.16"]
[EventType "swiss"]
[EventRounds "13"]
[EventCountry "IND"]
[SourceTitle "CBM 138 Extra"]
[Source "ChessBase"]
[SourceDate "2010.10.29"]
[SourceVersion "1"]
[SourceVersionDate "2010.10.29"]
[SourceQuality "1"]

1. e4 c5 2. Nc3 e6 3. Nge2 a6 4. d4 cxd4 5. Nxd4 Qc7 6. Bd3 b5 7. 0-0 Bb7 8. Qe2 Bc5 9. Nb3 Be7 10. f4 d6 11. e5 Nd7 12. f5 Nxe5 13. fxe6 fxe6 14. Nd4 Qd7 15. Qh5+ g6 16. Qh3 Nf6 17. Nxe6 Bc8 18. Bg5 Nfg4 19. Bxe7 Qa7+ 20. Kh1 Bxe6 21. Qh4 Qxe7 0-1